| 000 | 00411nam a2200145 4500 | ||
|---|---|---|---|
| 005 | 20251027094646.0 | ||
| 008 | 251027b |||||||| |||| 00| 0 eng d | ||
| 020 | _a9780593085851 | ||
| 082 | _aDFic Ow27 2018 | ||
| 100 |
_aOwens, Delia. _968973 |
||
| 245 |
_aWhere the crawdads sing / _cDelia Owens. |
||
| 260 |
_aNew York : _bG.P. Putnam's Sons, _c© 2018. |
||
| 300 |
_a385 pages ; _c20 cm. |
||
| 942 |
_2ddc _cDFIC |
||
| 999 |
_c24099 _d24099 |
||